|
|
|
|
| LEADER |
00000nam a2200000 a 4500 |
| 001 |
vtls010064362 |
| 003 |
SK-MaSNL |
| 005 |
20260301131105.0 |
| 008 |
180730p2007 gw hba g i 001 0 ger |
| 020 |
|
|
|a 9783110184860
|q (viaz.)
|
| 040 |
|
|
|a SNK
|b slo
|c SNK
|e AACR2
|
| 041 |
1 |
|
|a ger
|h nor
|
| 044 |
|
|
|a gw
|a xxu
|c DE
|c US
|
| 072 |
|
7 |
|a 811.113
|x Severogermánske jazyky
|2 konspekt
|
| 080 |
|
|
|a 811.113'0
|2 2001
|
| 080 |
|
|
|a 811.113.5
|2 2001
|
| 080 |
|
|
|a 80(=113.5)
|2 2001
|
| 080 |
|
|
|a 81'42
|2 2001
|
| 080 |
|
|
|a 811.113.3
|2 2001
|
| 080 |
|
|
|a (048.8)
|2 2001
|
| 130 |
0 |
|
|a Handbok i norrøn filologi
|l Nemecky
|9 479869
|
| 245 |
1 |
0 |
|a Altnordische Philologie
|b Norwegen und Island
|c herausgegeben von Odd Einar Haugen ; aus dem Norwegischen von Astrid van Nahl
|
| 260 |
|
|
|a Berlin
|b Walter de Gruyter
|c 2007
|
| 300 |
|
|
|a 653 s.
|b ilustr., mp.
|c 23 cm
|
| 490 |
1 |
|
|a De-Gruyter-Lexikon
|
| 504 |
|
|
|a Obsahuje bibliogr. a reg.
|
| 650 |
0 |
7 |
|a stará severčina
|2 SNKPH
|9 57922
|
| 650 |
0 |
7 |
|a nórčina
|2 SNKPH
|9 1374
|
| 650 |
0 |
7 |
|a stará nórčina
|2 SNKPH
|9 49269
|
| 650 |
0 |
7 |
|a nórska filológia
|2 SNKPH
|9 78610
|
| 650 |
0 |
7 |
|a literatúra
|x texty
|2 SNKPH
|9 479870
|
| 650 |
0 |
7 |
|a islandčina
|2 SNKPH
|9 1377
|
| 655 |
|
7 |
|a štúdie
|2 SNKPH
|9 57033
|
| 700 |
1 |
|
|a Haugen, Odd Einar
|4 edt
|9 479871
|
| 700 |
1 |
|
|a Nahl, Astrid van,
|d 1951-
|4 trl
|9 479872
|
| 830 |
|
0 |
|a De-Gruyter-Lexikon
|9 479873
|
| 919 |
|
|
|a 978-3-11-018486-0
|
| 999 |
|
|
|c 746751
|d 748681
|
| 952 |
|
|
|a SNK
|b SNK
|y VYP
|7 0
|p 17A0649656
|o snkIC 138515
|i snk2010/5010
|8 2
|g 198.00
|0 0
|1 0
|4 0
|d 2010-02-12
|l 0
|r 2026-02-23 23:19:14
|w 2026-02-23
|